Alegre insurrección: ¡la toma de Chile va! mujeres metralleta en el Movimiento Juvenil Lautaro. Aproximación histórica 1984-1994.

El objetivo principal del presente trabajo, es visibilizar a las mujeres que asumen la lucha contra la dictadura y la democracia pactada neoliberal desde sus poblaciones, que integran en sus vidas un proyecto emancipatorio rebelde, pero no cualquier proyecto, si no el del Lautaro. Un proyecto esenci...

Descripción completa

Detalles Bibliográficos
Autor principal: Rico Aillapan, Karen
Otros Autores: Goicovic Donoso, Igor
Formato: Tesis
Lenguaje:español
Publicado: Santiago, Chile : Universidad Academia de Humanismo Cristiano, 2018.
Materias:
Acceso en línea:Disponible en línea (PDF). Biblioteca Digital UAHC

MARC

LEADER 00000nmm a2200000 a 4500
001 044895
003 UAHC_CL
005 20200525163100.0
008 170622s2017 cl 000 spa
952 |0 0  |1 0  |2 ddc  |4 0  |6 TLHIS_176_000000000000000  |7 0  |8 COMP  |9 90264  |a BC  |b BC  |c Referencia  |d 2018-08-06  |l 0  |o TLHIS 176  |p 4075  |r 2019-01-02 00:00:00  |w 2018-08-06  |y TS  |B LHIS 
999 |c 50954  |d 50954 
040 |a UAHC_CL  |c UAHC_CL  |d UAHC_CL 
100 |a Rico Aillapan, Karen  |9 4228 
245 1 3 |a Alegre insurrección:  |b ¡la toma de Chile va! mujeres metralleta en el Movimiento Juvenil Lautaro. Aproximación histórica 1984-1994.  |c Karen Rico, profesor guía Igor Goicovic. 
260 |a Santiago, Chile :  |b Universidad Academia de Humanismo Cristiano,  |c 2018. 
300 |a 1 cd rom 
500 |a Tesis para optar al Grado de Licenciado en Historia, mención Tiempo Presente. 
502 |a Tesis (Licenciatura en Historia) -- Universidad Academia de Humanismo Cristiano, 2018. 
516 |a Tesis electrónica (PDF) 
520 |a El objetivo principal del presente trabajo, es visibilizar a las mujeres que asumen la lucha contra la dictadura y la democracia pactada neoliberal desde sus poblaciones, que integran en sus vidas un proyecto emancipatorio rebelde, pero no cualquier proyecto, si no el del Lautaro. Un proyecto esencialmente popular, ligado al lumpen, esteriotipado y discriminado por la izquierda, refiriéndose a ellos como “locos o zafados”, no son las elites de la izquierda las que aquí habitan, son los “cabros y cabras de la pobla” las que dan vida a este partido. 
650 0 |9 2136  |a Dictadura   |y 1973-1990  |z Chile 
650 0 |9 4146  |a Revolucionarias  |z Chile 
700 |a Goicovic Donoso, Igor  |9 3455 
856 |u bibliotecadigital.academia.cl/handle/123456789/4493  |y Disponible en línea (PDF). Biblioteca Digital UAHC 
900 |a TLHIS 175 
942 |c TS  |2 ddc